书目信息 |
| 题名: |
牧羊人的神秘访客
|
|
| 作者: | 茱莉娅·唐纳森 著 ;肖尔托·沃克 绘 | |
| 分册: | 3 九级 | |
| 出版信息: | 北京 外语教学与研究出版社 2021.10 |
|
| 页数: | 23页 | |
| 开本: | 20cm | |
| 丛书名: | ||
| 单 册: | ||
| 中图分类: | H319.4 | |
| 科图分类: | ||
| 主题词: | 英语 | |
| 电子资源: | ||
| ISBN: | 978-7-5213-2999-5 | |
| 000 | 00894nam0 2200253 450 | |
| 001 | 2656576656 | |
| 005 | 20260626154440.99 | |
| 010 | @a978-7-5213-2999-5 | |
| 100 | @a20260625d2021 km y0chiy0120 ea | |
| 101 | 0 | @achi |
| 102 | @aCN@b110000 | |
| 200 | 1 | @a牧羊人的神秘访客@AMu Yang Ren De Shen Mi Fang Ke@e大猫英语分级阅读@h3@i九级@f(英)茱莉娅·唐纳森著;(英)肖尔托·沃克绘@F(Ying)Zhu Li Ya·Tang Na Sen Zhu;(Ying)Xiao Er Tuo·Wo Ke Hui |
| 210 | @a北京@c外语教学与研究出版社@d2021.10 | |
| 215 | @a23页@d20cm | |
| 300 | @a适合小学六年级、初一 | |
| 503 | @n河南城建学院图书馆 | |
| 517 | 1 | @a大猫英语分级阅读@ADa Mao Ying Yu Fen Ji Yue Du |
| 517 | 1 | @a九级@AJiu Ji |
| 606 | 0 | @a英语 |
| 690 | @aH319.4@v4 | |
| 701 | 0 | @a茱莉娅·唐纳森@AZhu Li Ya·Tang Na Sen@4著 |
| 702 | 0 | @a肖尔托·沃克@AXiao Er Tuo·Wo Ke@4绘 |
| 801 | 0 | @aCN@b河南城建学院图书馆@c20260625 |
| 905 | @dH319.4@eZ9062:9:3 | |
| 牧羊人的神秘访客:大猫英语分级阅读.3.九级/(英)茱莉娅·唐纳森著;(英)肖尔托·沃克绘.-北京:外语教学与研究出版社,2021.10 |
| 23页;20cm |
| 适合小学六年级、初一 |
| ISBN 978-7-5213-2999-5: |
| ● |
| 相关链接 |
|
|
|
正题名:牧羊人的神秘访客
索取号:H319.4/Z9062:9:3
 
预约/预借
| 序号 | 登录号 | 条形码 | 馆藏地/架位号 | 状态 | 备注 |
| 1 | 1557316 | 215573163 | 外国语学院资料室/ [索取号:H319.4/Z9062:9:3] | 在馆 |